01020nam a22002297a 4500999001700000003000900017008004100026040007100067082002400138100002100162245008700183260003300270300002800303440004300331505016600374650004000540650003600580700004600616942001600662945000800678952010400686 c10466d10466AR-CdUCM190401b ||||| |||| 00| 0 spa d aMUNICIPALIDAD PROVINCIAL DEL CUSCOcBIBLIOTECA MUNICIPAL DEL CUSCO a372.5 /bD52 / 1971 aDebesse, Maurice aCómo estudiar a los adolescentes :bexamen crítico de confidencias juveniles / aBuenos Aires :bNova,c1971. a151 páginas ;c21 cm. aBiblioteca nova de educación ;98426 aContenido: Las grandes corrientes de la hebelogía -- La introspección juvenil -- Las confidencias juveniles espontáneas -- Los recuerdos de la juventud ... aPsicología del adolescente911458 aPsicopedagogía juvenil927338 aVela, María Elena (traducción)927339 2ddccLIBROS aacv 002ddc4070aSCAbSCAcCARTd2019-04-01g30.00o372.5 / D52 / 1971pSCA0000888r2019-04-01yLIBROS